Manual y catálogo ilustrado de campanillas eléctricas, para-rayos, teléfonos, aparatos electro-medicinales, telegrafía, pilas, conductores-eléctricos, etc., etc. (Record no. 152996)
[ view plain ]
| 000 -LEADER | |
|---|---|
| campo de control de longitud fija | 00910nam a22001935i 4500 |
| 001 - NÚMERO DE CONTROL | |
| campo de control | 152996 |
| 003 - IDENTIFICADOR DE NÚMERO DE CONTROL | |
| campo de control | ES-MaACL |
| 005 - FECHA Y HORA DE LA ÚLTIMA TRANSACCIÓN | |
| campo de control | 20230906204953.0 |
| 008 - DATOS DE LONGITUD FIJA--INFORMACIÓN GENERAL | |
| campo de control de longitud fija | 050819m18591900sp a | |||||||| ||spa d |
| 040 ## - FUENTE DE CATALOGACIÓN | |
| Centro catalogador/agencia de origen | CAM |
| Lengua de catalogación | spa |
| Centro/agencia transcriptor | CAM |
| 110 2# - ENTRADA PRINCIPAL--NOMBRE DE ENTIDAD CORPORATIVA | |
| Nombre de entidad corporativa o nombre de jurisdicción como elemento de entrada | Casa Ildefonso Sierra (Madrid) |
| 9 (RLIN) | 134226 |
| 245 10 - MENCIÓN DEL TÍTULO | |
| Título | Manual y catálogo ilustrado de campanillas eléctricas, para-rayos, teléfonos, aparatos electro-medicinales, telegrafía, pilas, conductores-eléctricos, etc., etc. |
| Resto del título | : casa fundada en 1859 por Ildefonso Sierra ... |
| 260 ## - PUBLICACIÓN, DISTRIBUCIÓN, ETC. | |
| Lugar de publicación, distribución, etc. | Madrid : |
| Nombre del editor, distribuidor, etc. | [Casa Ildefonso Sierra] calle del Lobo, núm. 8, duplicado, |
| Fecha de publicación, distribución, etc. | [1859?.] ( |
| Fabricante | Imp. de El Progreso, á c. de B. Lanchares) |
| 300 ## - DESCRIPCIÓN FÍSICA | |
| Extensión | 75, [5] p. : |
| Otras características físicas | il. ; |
| Dimensiones | 23 cm. |
| 596 ## - NOTA AL PIE DE IMPRENTA | |
| NOTA AL PIE DE IMPRENTA | El imp. consta en colofón. |
| 650 #4 - PUNTO DE ACCESO ADICIONAL DE MATERIA--TÉRMINO DE MATERIA | |
| Término de materia o nombre geográfico como elemento de entrada | Teléfonos- |
| Subdivisión de forma | Catálogos. |
| 9 (RLIN) | 136917 |
| 650 #4 - PUNTO DE ACCESO ADICIONAL DE MATERIA--TÉRMINO DE MATERIA | |
| Término de materia o nombre geográfico como elemento de entrada | Timbres- |
| Subdivisión de forma | Catálogos. |
| 9 (RLIN) | 136930 |
| 852 ## - LOCALIZACIÓN | |
| Ubicación | ES-MaACL |
| Número de control de estantería | T-381-F-16 |
| Nota libre | -- Enc. hol. |
| -- | -- Enc. en un vol. facticio |
| Estatus retirado | Estado de pérdida | Estado de daño | No para préstamo | Colección | Biblioteca de origen | Biblioteca actual | Ubicación en estantería | Fecha de adquisición | Total de préstamos | Signatura topográfica completa | Código de barras | Visto por última vez | Precio de reemplazo | Tipo de ítem Koha |
|---|---|---|---|---|---|---|---|---|---|---|---|---|---|---|
| Colección de folletos | Biblioteca del Ateneo de Madrid | Biblioteca del Ateneo de Madrid | Depósito folletos | 17/01/2008 | T-381-F-16 | 1159831 | 23/02/2023 | 23/02/2023 | Folleto |
